00339nam a22001097a 450000500170000000800410001708200200005824500520007826000620013030000170019265000200020920260408113942.0260408b |||||||| |||| 00| 0 eng d a354.5491bDEM-G aDemands For Grants and Appropriations 2002-2003 aPakistan bGovernment of Pakistan Finance Division c2003 axvii, 358 p. aAllied Material